Ecology : concepts and applications

שמור ב:
מידע ביבליוגרפי
מחבר ראשי: Molles, Manuel C.
פורמט: ספר
שפה:Vietnamese
יצא לאור: McGraw-Hill 2002
תגים: הוספת תג
אין תגיות, היה/י הראשונ/ה לתייג את הרשומה!
Thư viện lưu trữ: Mạng thư viện Đại học Đà Nẵng
LEADER 00620nam a2200253 4500
001 000020898
003 17345
005 20150330100323.0
008 150330s2002 viesd
020 |c 00 
041 0 |a vie 
082 1 4 |a 577  |b MO-M 
100 1 |a Molles, Manuel C. 
245 1 0 |a Ecology : concepts and applications  |c Manuel C. Molles, Jr 
260 |b McGraw-Hill  |c 2002 
300 |a tr.  |c cm. 
OWN |a LSP 
999 |a From the UDN01 
TYP |a Monograph 
TYP |a Printed language 
980 |a Mạng thư viện Đại học Đà Nẵng